Chế tạo và khảo sát hiện tượng nhiệt phát quang của vật liệu đo liều họ Borate
Lí thuyết: Hiện tượng phát quang và các khái niệm cơ bản ban đầu, Hiện tượng nhiệt phát quang. Thực Nghiệm: Chế tạo mẫu, Khảo sáttính chất phát quang của vật liệu đo liều họ Borate
Na minha lista:
| Autor principal: | |
|---|---|
| Outros Autores: | |
| Formato: | Livro |
| Idioma: | Vietnamese |
| Publicado em: |
Đại học Đà Nẵng
Trường đại học Sư Phạm
2007
|
| Colecção: | Khóa luận tốt nghiệp đại học. Chuyên ngành: Sư phạm Lý
|
| Assuntos: | |
| Tags: |
Adicionar Tag
Sem tags, seja o primeiro a adicionar uma tag!
|
| Thư viện lưu trữ: | Mạng thư viện Đại học Đà Nẵng |
|---|
| LEADER | 01322nam a2200325 4500 | ||
|---|---|---|---|
| 001 | 000012206 | ||
| 003 | 8499 | ||
| 005 | 20120216150252.0 | ||
| 008 | 120216s2007 viesd | ||
| 041 | |a vie | ||
| 072 | |a Khóa luận tốt nghiệp | ||
| 082 | |a 536.50287 |b TR-Q | ||
| 100 | |a Trần, Thị Bích Quý | ||
| 245 | |a Chế tạo và khảo sát hiện tượng nhiệt phát quang của vật liệu đo liều họ Borate |c Trần, Thị Bích Quý | ||
| 260 | |a Đại học Đà Nẵng |b Trường đại học Sư Phạm |c 2007 | ||
| 300 | |a 49 tr. |c 29 cm | ||
| 490 | |a Khóa luận tốt nghiệp đại học. Chuyên ngành: Sư phạm Lý | ||
| 500 | |a Tham khảo 49 | ||
| 520 | |a Lí thuyết: Hiện tượng phát quang và các khái niệm cơ bản ban đầu, Hiện tượng nhiệt phát quang. Thực Nghiệm: Chế tạo mẫu, Khảo sáttính chất phát quang của vật liệu đo liều họ Borate | ||
| 653 | |a Khóa luận tốt nghiệp đại học | ||
| 653 | |a Khoa Vật lý | ||
| 700 | |a Lê, Văn Thanh Sơn |c Th.S |e Hướng dẫn | ||
| OWN | |a LSP | ||
| 999 | |a From the UDN01 | ||
| TYP | |a Monograph | ||
| TYP | |a Printed language | ||
| 980 | |a Mạng thư viện Đại học Đà Nẵng | ||